[Event "POL-chT Region 0607"]
[Site "Poland"]
[Date "2007.03.04"]
[Round "9"]
[White "Faderewski, Piotr"]
[Black "Paluszkiewicz, Pawel"]
[Result "0-1"]
[WhiteElo "1800"]
[BlackElo "1849"]
[PlyCount "74"]
[EventDate "2006.11.12"]
[EventType "team-tourn"]
[EventRounds "11"]
[EventCountry "POL"]
[SourceTitle "EXT 2008"]
[Source "ChessBase"]
[SourceDate "2007.11.25"]
[SourceVersion "1"]
[SourceVersionDate "2007.11.25"]
[SourceQuality "1"]

1. Nc3 Nf6 2. d4 e5 3. dxe5 Ng4 4. e4 Nxe5 5. f4 Ng6 6. Nf3 Bb4 7. Qd4 Nc6 8. Qxg7 Bf8 9. Qxh8 Nxh8 10. Bd2 Ng6 11. Bc4 Bh6 12. g3 d6 13. h3 Be6 14. Nd5 Bg7 15. 0-0-0 Qd7 16. f5 Bxd5 17. exd5 Nce5 18. fxg6 Nxf3 19. gxf7+ Qxf7 20. Bb5+ Kd8 21. Rhf1 Qxd5 22. Rxf3 Qxf3 23. Bf4 Qh5 24. Bd3 Bh6 25. Rf1 Qxh3 26. Be2 Kd7 27. Kd1 Bxf4 28. Rxf4 Qxg3 29. Rf7+ Kc6 30. Rxh7 Re8 31. Rf7 Qg1+ 32. Rf1 Qe3 33. Bf3+ Kc5 34. b4+ Kxb4 35. Bh5 Qd4+ 36. Kc1 Qa1+ 37. Kd2 Qxf1 0-1